A New FDD Method For Centrifugal Chillers Based On Nonlinear Models : Doctor of Engineering - Heating, Ventilating and Air-Conditioning Engineering

Gespeichert in:
Bibliographische Detailangaben
1. Verfasser: Trần, Đình Anh Tuấn
Format: Luận văn
Sprache:Undetermined
Veröffentlicht: Hunan University 2016
Schlagworte:
Tags: Tag hinzufügen
Keine Tags, Fügen Sie den ersten Tag hinzu!
Thư viện lưu trữ: Trung tâm Thư viện - Trường Đại học Công nghiệp TP. Hồ Chí Minh
LEADER 00635nam a2200157Ia 4500
001 UIH_01879
008 230809s9999 xx 000 0 und d
082 |a 697 
100 |a Trần, Đình Anh Tuấn 
245 2 |a A New FDD Method For Centrifugal Chillers Based On Nonlinear Models : Doctor of Engineering - Heating, Ventilating and Air-Conditioning Engineering 
245 0 |c Trần, Đình Anh Tuấn 
260 |b Hunan University 
260 |c 2016 
650 |a Điều hòa không khí;Thông gió 
927 |a Luận văn 
980 |a Trung tâm Thư viện - Trường Đại học Công nghiệp TP. Hồ Chí Minh